000 00337 a2200133 4500
001 64666
040 _cAnchieta - Pituba
100 _aAZEVEDO, Shirley Bomfim
240 1 0 _a2ª Avaliação de Inglês, 7º ano
_lpor
245 1 0 _a2ª Avaliação de Inglês, 7º ano
362 0 _a2018
650 4 _aInglês e inglês antigo
942 _cBK
999 _c64666
_d64666